[Event "Toronto NAYCC U08 Girls"]
[Site "Toronto"]
[Date "2013.08.18"]
[Round "9"]
[White "Zhu, Harmony"]
[Black "Atanasova, Rada"]
[Result "1-0"]
[WhiteElo "1631"]
[BlackElo "565"]
[PlyCount "51"]
[EventDate "2013.08.14"]
[EventType "swiss"]
[EventRounds "9"]
[EventCountry "CAN"]
[SourceTitle "EXT 2022"]
[Source "ChessBase"]
[SourceDate "2021.10.06"]
[SourceVersion "1"]
[SourceVersionDate "2021.10.06"]
[SourceQuality "1"]

1. d4 d5 2. c4 c6 3. Nf3 Nf6 4. e3 Bg4 5. Nbd2 e6 6. Bd3 Bd6 7. Qc2 Nbd7 8. 0-0 Qe7 9. Qb3 h6 10. Qxb7 0-0 11. Qxc6 Rfc8 12. Qa6 Nf8 13. c5 Bc7 14. b4 Rcb8 15. a3 e5 16. Bb5 e4 17. Ne1 Rd8 18. Be2 Bb8 19. Rb1 Qc7 20. f4 g5 21. Qxf6 Bxe2 22. Rf2 Bc4 23. Qe5 Qc6 24. Qf5 Ba6 25. fxg5 Qc7 26. g3 1-0